Statystyki dla Największe miasta Azji

Kliknij tutaj aby rozwiązać quiz!

Ogólne statystyki

  • Ten quiz został rozwiązany 4 552 razy
    (2 123 od ostatniego zresetowania)
  • Średni wynik to 18 z 50

Statystyki odpowiedzi

LudnośćAglomeracja% Poprawnych
40,8 mlnTokio
96%
20,9 mlnPekin
94%
33,4 mlnDelhi
80%
40,0 mlnSzanghaj
78%
24,9 mlnSeul
75%
28,9 mlnDżakarta
68%
20,5 mlnBangkok
66%
7,30 mlnHongkong
61%
7,75 mlnSingapur
60%
16,2 mlnTeheran
60%
17,7 mlnOsaka
59%
26,6 mlnMumbaj
56%
6,60 mlnDubaj
55%
67,8 mlnKanton
55%
9,10 mlnKuala Lumpur
55%
26,7 mlnManila
55%
7,00 mlnHanoi
54%
9,15 mlnRijad
52%
16,1 mlnStambuł
52%
21,3 mlnDhaka
48%
11,8 mlnWuhan
48%
7,50 mlnBagdad
46%
9,20 mlnTajpej
44%
19,1 mlnKaraczi
34%
17,4 mlnKolkata
31%
13,5 mlnHo Chi Minh
28%
12,3 mlnXi'an
27%
10,5 mlnNagoja
21%
11,4 mlnTiencin
19%
12,2 mlnĆennaj
18%
16,6 mlnChengdu
18%
10,5 mlnChongqing
18%
9,05 mlnNankin
17%
14,4 mlnLahaur
15%
14,5 mlnXiamen
13%
13,7 mlnBengaluru
12%
11,1 mlnHajdarabad
11%
13,4 mlnHangzhou
10%
9,30 mlnAhmadabad
9%
7,25 mlnQingdao
9%
7,55 mlnPune
8%
7,45 mlnSurat
8%
9,45 mlnZhengzhou
8%
6,90 mlnBandung
7%
10,5 mlnChangsha
7%
8,55 mlnShenyang
7%
6,35 mlnJinan
6%
7,10 mlnNingbo
6%
7,50 mlnHefei
5%
8,00 mlnShantou
5%

Rozkład punktacji

Percentyl według liczby udzielonych odpowiedzi

Procent ludzi z każdym wynikiem

Twoja historia wyników

Nie rozwiązałeś tego quizu od ostatniego zresetowania